000 01222cam a22002898a 4500
001 16323921
005 20110412153659.0
008 100709s2011 flu b 001 0 eng
010 _a 2010026073
020 _a1439840660 (pbk. : alk. paper)
020 _a9781439840665 (pbk. : alk. paper)
040 _aDLC
_cDLC
_dDLC
050 0 0 _aTK6658
_b.M558 2011
082 0 0 _a621.388
_222
_bMIN
100 1 _aMinoli, Daniel,
_d1952-
_923405
245 1 0 _a3D Television (3DTV) Technology, Systems, and Deployment :
_bRolling out the Infrastructure for Next-Generation Entertainment /
_c Daniel Minoli.
260 _aBoca Raton :
_bTaylor & Francis, 2011
_c2011.
263 _a1111
300 _axiv, 302 p., [24] p. of plates :
_bill. ;
_c22 cm.
504 _aIncludes bibliographical references and index.
650 0 _a3-D television.
_923406
650 0 _aHome theaters.
_923407
653 _bEle
_cApril2011
942 _2ddc
_cBB
999 _c15197
_d15197